[Event "FIDE WYCC 2016 U14 boys"]
[Site "Khanty Mansiysk"]
[Date "2016.09.23"]
[Round "2.10"]
[White "Oboladze, Luka"]
[Black "Semjonovs, Ilja"]
[Result "0-1"]
[WhiteElo "2083"]
[BlackElo "2245"]
[Annotator "Reinhold Goldau"]
[PlyCount "132"]
[EventDate "2016.09.??"]
[EventType "swiss"]
[EventRounds "11"]
[EventCountry "RUS"]
[SourceTitle "Youth Database"]
[Source "CBase R.Goldau"]
[SourceDate "2000.03.01"]

1. e4 c5 2. Nc3 Nc6 3. g3 d6 4. Bg2 g6 5. d3 Bg7 6. f4 e6 7. Nf3 Nge7 8. O-O
O-O 9. Be3 b6 10. Qd2 d5 11. exd5 exd5 12. Bf2 d4 13. Ne2 Bb7 14. c3 Qd7 15.
cxd4 cxd4 16. Ne5 Nxe5 17. Bxb7 Qxb7 18. fxe5 Bxe5 19. Bxd4 Bxd4+ 20. Nxd4 Rad8
21. Rf4 Qd7 22. Re1 Nc6 23. Nxc6 Qxc6 24. d4 Rd7 25. Rfe4 Qd6 26. Qe3 Qd5 27.
b3 Rfd8 28. Qh6 Rf8 29. Rh4 f5 30. Qe3 Qd6 31. Rf4 Rff7 32. Qe8+ Kg7 33. Qe3
Rde7 34. Qc3 Rxe1+ 35. Qxe1 g5 36. Rf2 Qxd4 37. Qe6 Qe4 38. Qc8 Qe5 39. Qd8 Qf6
40. Qd5 h6 41. Kg2 Kh7 42. Re2 f4 43. Qe4+ Qg6 44. gxf4 Rxf4 45. Qb7+ Rf7 46.
Qd5 Qf6 47. Qe4+ Kg7 48. Qe5 Qxe5 49. Rxe5 Kf6 50. Re2 h5 51. Kg3 Rd7 52. Kf3
Kf5 53. Rc2 g4+ 54. Ke3 Kg5 55. Kf2 h4 56. Ke2 Rf7 57. Rc8 Rf6 58. Rc7 a5 59.
Rg7+ Rg6 60. Rh7 Rh6 61. Rg7+ Kf5 62. Rf7+ Ke6 63. Rg7 g3 64. hxg3 h3 65. Kd3
Kd5 66. Ke2 h2 0-1

[Event "FIDE WYCC 2016 U14 boys"]
[Site "Khanty Mansiysk"]
[Date "2016.09.23"]
[Round "2.11"]
[White "Olsen, Filip Boe"]
[Black "Sam, Gabriel"]
[Result "0-1"]
[WhiteElo "2241"]
[BlackElo "2069"]
[Annotator "Reinhold Goldau"]
[PlyCount "130"]
[EventDate "2016.09.??"]
[EventType "swiss"]
[EventRounds "11"]
[EventCountry "RUS"]
[SourceTitle "Youth Database"]
[Source "CBase R.Goldau"]
[SourceDate "2000.03.01"]

1. d4 Nf6 2. c4 e6 3. Nc3 d5 4. cxd5 exd5 5. Bg5 Be7 6. e3 O-O 7. Qc2 Nbd7 8.
Bd3 Re8 9. Nf3 c6 10. O-O h6 11. Bf4 Nf8 12. h3 Bd6 13. Bxd6 Qxd6 14. Rab1 a5
15. a3 Be6 16. b4 axb4 17. axb4 N8d7 18. Rfc1 Rec8 19. Na4 b5 20. Nc5 Nxc5 21.
dxc5 Qe7 22. Ra1 Qb7 23. Qb2 Nd7 24. Nd4 Rxa1 25. Rxa1 Ra8 26. f4 Nf6 27. Ra2
Bd7 28. Qa1 Rxa2 29. Qxa2 Qc8 30. Qa7 Qe8 31. Kf2 g6 32. Nf3 Bf5 33. Bxf5 gxf5
34. Ne5 Ne4+ 35. Kf3 f6 36. Qd7 Qh5+ 37. Ng4 fxg4+ 38. hxg4 Qf7 39. Qxc6 h5 40.
Qc8+ Kg7 41. c6 Nd6 42. Qd7 hxg4+ 43. Kxg4 Qxd7+ 44. cxd7 Nb7 45. Kf3 f5 46. g4
Kf6 47. gxf5 Kxf5 48. Ke2 Ke4 49. Kd2 d4 50. exd4 Kxf4 51. Kd3 Nd8 52. Kd2 Ke4
53. Kc3 Nb7 54. d5 Kxd5 55. Kd3 Nd8 56. Kc3 Ke4 57. Kb3 Kd3 58. Ka3 Kc3 59. Ka2
Kxb4 60. Kb2 Kc4 61. Kc2 b4 62. Kb2 b3 63. Kb1 Kc3 64. Ka1 b2+ 65. Kb1 Nc6 0-1

[Event "FIDE WYCC 2016 U14 boys"]
[Site "Khanty Mansiysk"]
[Date "2016.09.23"]
[Round "2.12"]
[White "Neelash, Saha"]
[Black "Peng, Hongchi"]
[Result "1/2-1/2"]
[WhiteElo "2020"]
[BlackElo "2241"]
[Annotator "Reinhold Goldau"]
[PlyCount "109"]
[EventDate "2016.09.??"]
[EventType "swiss"]
[EventRounds "11"]
[EventCountry "RUS"]
[SourceTitle "Youth Database"]
[Source "CBase R.Goldau"]
[SourceDate "2000.03.01"]

1. d4 Nf6 2. c4 e6 3. Nf3 Bb4+ 4. Bd2 Be7 5. g3 O-O 6. Bg2 d5 7. O-O c6 8. Qc2
Nbd7 9. Rd1 b6 10. Bf4 Bb7 11. Nc3 dxc4 12. Nd2 Nd5 13. Nxc4 Nxf4 14. gxf4 Rc8
15. Rab1 Nf6 16. e3 Qc7 17. b4 Nd5 18. a3 Rfd8 19. Ne2 Ba6 20. Nc1 c5 21. dxc5
bxc5 22. b5 Bb7 23. Nd3 Bf6 24. Rdc1 Nc3 25. Rb3 Bxg2 26. Kxg2 Nxb5 27. Nce5
Bxe5 28. Nxe5 Nd6 29. Rc3 Qb7+ 30. f3 Nf5 31. Qe2 Qe7 32. Nd3 Rd5 33. e4 Nd4
34. Qf2 Rd6 35. Nxc5 h6 36. a4 Qf6 37. Qe3 Rb8 38. Nd3 Nb3 39. R1c2 Nd4 40. Rc1
Qg6+ 41. Kh1 Qh5 42. Kg2 Qg6+ 43. Kh1 Qf6 44. Rg1 Nf5 45. Qc1 Rb1 46. Qxb1 Qxc3
47. exf5 Qxd3 48. Qxd3 Rxd3 49. f6 g6 50. Rc1 g5 51. fxg5 hxg5 52. Rg1 Rxf3 53.
Rxg5+ Kf8 54. Ra5 Rxf6 55. Kg2 1/2-1/2

[Event "FIDE WYCC 2016 U14 boys"]
[Site "Khanty Mansiysk"]
[Date "2016.09.23"]
[Round "2.13"]
[White "Tarun, V Kanth"]
[Black "Zhalmakhanov, Ramazan"]
[Result "0-1"]
[WhiteElo "1954"]
[BlackElo "2211"]
[Annotator "Reinhold Goldau"]
[PlyCount "106"]
[EventDate "2016.09.??"]
[EventType "swiss"]
[EventRounds "11"]
[EventCountry "RUS"]
[SourceTitle "Youth Database"]
[Source "CBase R.Goldau"]
[SourceDate "2000.03.01"]

1. d4 Nf6 2. c4 e6 3. Nc3 Bb4 4. f3 c5 5. d5 b5 6. e4 O-O 7. Bd3 bxc4 8. Bxc4
exd5 9. Bxd5 Nxd5 10. Qxd5 Nc6 11. Nge2 Ba6 12. Kf2 Bxc3 13. bxc3 Qb6 14. Ng3
Rfe8 15. Be3 Qb2+ 16. Qd2 Qxd2+ 17. Bxd2 d5 18. exd5 Ne5 19. Ne4 Nd3+ 20. Kg3
Rad8 21. d6 f5 22. Bg5 fxe4 23. Bxd8 Rxd8 24. fxe4 Rxd6 25. Rab1 h5 26. Rb8+
Kh7 27. Ra8 Bb7 28. Re8 c4 29. h3 Nc5 30. Re1 Rd3+ 31. Kh4 Rxc3 32. Re5 Nd3 33.
Rxh5+ Kg8 34. Re3 Rc2 35. Rg5 Rf2 36. e5 Rf7 37. e6 Re7 38. Rb5 Bxg2 39. Kg3
Bc6 40. Ra5 g6 41. Ra6 Be8 42. Rd6 Kf8 43. Rd4 Rc7 44. e7+ Kf7 45. h4 c3 46.
Rdxd3 c2 47. Rc3 c1=Q 48. Rxc1 Rxc1 49. Kg4 Rc4+ 50. Kg5 Rc5+ 51. Kg4 Rc8 52.
h5 Rc4+ 53. Kg5 Rc5+ 0-1

[Event "FIDE WYCC 2016 U14 boys"]
[Site "Khanty Mansiysk"]
[Date "2016.09.23"]
[Round "2.14"]
[White "Ibrahimli, Murad"]
[Black "Marchuk, Rostislav"]
[Result "1-0"]
[WhiteElo "2203"]
[BlackElo "2054"]
[Annotator "Reinhold Goldau"]
[PlyCount "59"]
[EventDate "2016.09.??"]
[EventType "swiss"]
[EventRounds "11"]
[EventCountry "RUS"]
[SourceTitle "Youth Database"]
[Source "CBase R.Goldau"]
[SourceDate "2000.03.01"]

1. d4 Nf6 2. c4 d6 3. Nc3 e5 4. Nf3 Nbd7 5. g3 Be7 6. Bg2 O-O 7. O-O c6 8. e4
a6 9. h3 b5 10. cxb5 axb5 11. b4 Bb7 12. Qb3 c5 13. bxc5 exd4 14. c6 Nc5 15.
Qb1 dxc3 16. cxb7 Nxb7 17. e5 dxe5 18. Nxe5 Qb6 19. Be3 Qa6 20. a4 b4 21. Nc6
Bd6 22. Nxb4 Qc4 23. Bxb7 Rab8 24. Na6 c2 25. Qb6 Be5 26. Nxb8 Bxa1 27. Rxa1
Rxb8 28. a5 Qc3 29. Rc1 Nd5 30. Qd6 1-0

[Event "FIDE WYCC 2016 U14 boys"]
[Site "Khanty Mansiysk"]
[Date "2016.09.23"]
[Round "2.15"]
[White "Ismagilov, Damir"]
[Black "Tomasi, Albert"]
[Result "1/2-1/2"]
[WhiteElo "1927"]
[BlackElo "2200"]
[Annotator "Reinhold Goldau"]
[PlyCount "81"]
[EventDate "2016.09.??"]
[EventType "swiss"]
[EventRounds "11"]
[EventCountry "RUS"]
[SourceTitle "Youth Database"]
[Source "CBase R.Goldau"]
[SourceDate "2000.03.01"]

1. e4 e5 2. Nf3 Nc6 3. Bb5 Nge7 4. Nc3 g6 5. d4 exd4 6. Nd5 Bg7 7. Bg5 h6 8.
Bf6 Bxf6 9. Nxf6+ Kf8 10. Nxd4 Nf5 11. Nh7+ Kg7 12. exf5 Re8+ 13. Ne2 gxf5 14.
O-O Kxh7 15. Ng3 d6 16. Qh5 Qf6 17. Bd3 Nb4 18. Bxf5+ Bxf5 19. Qxf5+ Qxf5 20.
Nxf5 Re5 21. Ne3 Rae8 22. Rad1 a5 23. c3 Na6 24. Rd4 Kg6 25. Rfd1 Nc5 26. Kf1
f5 27. Rd5 a4 28. Rxe5 dxe5 29. Rd5 b6 30. f4 exf4 31. Nxf5 a3 32. b3 Ne4 33.
Nh4+ Kf6 34. Rd3 Re6 35. Nf3 Rc6 36. c4 b5 37. Rd4 Nc3 38. Rxf4+ Kg7 39. Nd4
bxc4 40. bxc4 Rb6 41. Rf3 1/2-1/2

[Event "FIDE WYCC 2016 U14 boys"]
[Site "Khanty Mansiysk"]
[Date "2016.09.23"]
[Round "2.16"]
[White "Roseneck, Jonas"]
[Black "Piccoli, Lucas Fonseca"]
[Result "0-1"]
[WhiteElo "2178"]
[BlackElo "1816"]
[Annotator "Reinhold Goldau"]
[PlyCount "95"]
[EventDate "2016.09.??"]
[EventType "swiss"]
[EventRounds "11"]
[EventCountry "RUS"]
[SourceTitle "Youth Database"]
[Source "CBase R.Goldau"]
[SourceDate "2000.03.01"]

1. e4 c6 2. d4 d5 3. Nc3 dxe4 4. Nxe4 Bf5 5. Ng3 Bg6 6. h4 h6 7. Nf3 Nd7 8. h5
Bh7 9. Bd3 Bxd3 10. Qxd3 e6 11. Bd2 Ngf6 12. Ne4 Be7 13. O-O-O Nxe4 14. Qxe4
Nf6 15. Qe2 Qd5 16. Kb1 O-O 17. Qe3 Rfd8 18. Ne5 c5 19. f4 Qe4 20. Qf2 Nd5 21.
Bc1 Rac8 22. Rhe1 Qh7 23. g4 cxd4 24. f5 exf5 25. gxf5 Bc5 26. Nd3 Bb6 27. Qf3
Ne3 28. Bxe3 dxe3 29. Ne5 Rxd1+ 30. Rxd1 e2 31. Qxe2 Qxf5 32. Rf1 Qe6 33. Re1
Re8 34. Qf1 Ba5 35. c3 Bc7 36. Nd3 Qd7 37. Rxe8+ Qxe8 38. Qf2 Qc6 39. Qe2 Qh1+
40. Kc2 Qh2 41. Nf2 Bb6 42. Qe8+ Kh7 43. Qe4+ g6 44. hxg6+ Kg7 45. Qxb7 Qxf2+
46. Kb3 Kxg6 47. a4 Kg7 48. Qd5 0-1

[Event "FIDE WYCC 2016 U14 boys"]
[Site "Khanty Mansiysk"]
[Date "2016.09.23"]
[Round "2.18"]
[White "Gunduz, Umut Erdem"]
[Black "Shubin, Kirill"]
[Result "0-1"]
[WhiteElo "2109"]
[BlackElo "2304"]
[Annotator "Reinhold Goldau"]
[PlyCount "48"]
[EventDate "2016.09.??"]
[EventType "swiss"]
[EventRounds "11"]
[EventCountry "RUS"]
[SourceTitle "Youth Database"]
[Source "CBase R.Goldau"]
[SourceDate "2000.03.01"]

1. e4 c6 2. d4 d5 3. Nd2 dxe4 4. Nxe4 Bf5 5. Ng3 Bg6 6. h4 h6 7. h5 Bh7 8. Nf3
e6 9. Bd3 Bxd3 10. Qxd3 Nf6 11. Bd2 c5 12. O-O-O Nc6 13. Rhe1 cxd4 14. Nf5 Qd5
15. N3xd4 Qxa2 16. Nb3 Qa6 17. Qg3 O-O-O 18. Nxg7 Rxd2 19. Rxd2 Rg8 20. Qf4
Bxg7 21. g4 Qa2 22. Qc4 Nd5 23. c3 Rd8 24. Kc2 Bxc3 0-1

[Event "FIDE WYCC 2016 U14 boys"]
[Site "Khanty Mansiysk"]
[Date "2016.09.23"]
[Round "2.19"]
[White "Miyasaka, Marcus M"]
[Black "Nanayakkara, J A K Saranath"]
[Result "1-0"]
[WhiteElo "2269"]
[BlackElo "1923"]
[Annotator "Reinhold Goldau"]
[PlyCount "103"]
[EventDate "2016.09.??"]
[EventType "swiss"]
[EventRounds "11"]
[EventCountry "RUS"]
[SourceTitle "Youth Database"]
[Source "CBase R.Goldau"]
[SourceDate "2000.03.01"]

1. e4 c5 2. Nf3 d6 3. d4 cxd4 4. Nxd4 Nf6 5. Nc3 a6 6. Be2 e5 7. Nb3 Be7 8. Bg5
Be6 9. Bxf6 Bxf6 10. Qd3 O-O 11. O-O-O Be7 12. Nd5 Bg5+ 13. Kb1 a5 14. Nd2 Nd7
15. Nc4 Nc5 16. Qf3 f5 17. Nxd6 Kh8 18. Nxf5 Rc8 19. Nf4 Qc7 20. Nxe6 Nxe6 21.
Qc3 Qxc3 22. bxc3 g6 23. Nd6 Rxc3 24. Bc4 Nc5 25. Nf7+ Kg7 26. Nxg5 Rxc4 27. f3
h6 28. Nh3 Rf6 29. Rd2 Rb6+ 30. Ka1 Rcb4 31. c3 Ra4 32. Rb2 Rd6 33. Rhb1 Kf8
34. Rc2 Ke8 35. Nf2 Nd7 36. Ng4 Re6 37. Nxh6 b6 38. Ng4 Rc4 39. Rb3 Nc5 40. Rb1
Na4 41. Rb5 Rxc3 42. Rxc3 Nxc3 43. Rxe5 Rxe5 44. Nxe5 g5 45. Nc4 Nd1 46. Kb1
Nc3+ 47. Kc2 Ne2 48. Nxb6 Nf4 49. g3 Ng2 50. Nc4 Ne1+ 51. Kc3 Nxf3 52. Nxa5 1-0

[Event "FIDE WYCC 2016 U14 boys"]
[Site "Khanty Mansiysk"]
[Date "2016.09.23"]
[Round "2.20"]
[White "Blohberger, Felix"]
[Black "Fomin, Maxim"]
[Result "1-0"]
[WhiteElo "2256"]
[BlackElo "1941"]
[Annotator "Reinhold Goldau"]
[PlyCount "59"]
[EventDate "2016.09.??"]
[EventType "swiss"]
[EventRounds "11"]
[EventCountry "RUS"]
[SourceTitle "Youth Database"]
[Source "CBase R.Goldau"]
[SourceDate "2000.03.01"]

1. Nf3 Nf6 2. g3 g6 3. Bg2 Bg7 4. O-O O-O 5. d4 d5 6. c4 e6 7. Nbd2 Nbd7 8. b3
b6 9. Bb2 Bb7 10. Rc1 Rc8 11. cxd5 exd5 12. Qc2 Re8 13. e3 Ba6 14. Rfd1 c5 15.
Qb1 c4 16. Bf1 b5 17. a4 bxa4 18. bxc4 dxc4 19. Nxc4 Nb6 20. Nfe5 Nxc4 21. Nxc4
Qd5 22. Bg2 Qd8 23. Ne5 Rxc1 24. Rxc1 Bb5 25. Ba3 a6 26. Qa2 Rxe5 27. dxe5 Ne8
28. e6 fxe6 29. Qxe6+ Kh8 30. Bd5 1-0

[Event "FIDE WYCC 2016 U14 boys"]
[Site "Khanty Mansiysk"]
[Date "2016.09.23"]
[Round "2.21"]
[White "Emanuel, Yahav"]
[Black "Ajigulov, Nurmat"]
[Result "1-0"]
[WhiteElo "2014"]
[BlackElo "1626"]
[Annotator "Reinhold Goldau"]
[PlyCount "43"]
[EventDate "2016.09.??"]
[EventType "swiss"]
[EventRounds "11"]
[EventCountry "RUS"]
[SourceTitle "Youth Database"]
[Source "CBase R.Goldau"]
[SourceDate "2000.03.01"]

1. e4 e5 2. Bc4 Nf6 3. d3 d6 4. Nc3 Be7 5. Nge2 O-O 6. O-O Be6 7. Ng3 d5 8. Bb3
d4 9. Nce2 Bxb3 10. cxb3 Nfd7 11. f4 exf4 12. Nf5 c5 13. Nxf4 Ne5 14. Nd5 Nbc6
15. Qh5 Ng6 16. Nfxe7+ Ngxe7 17. Bg5 f6 18. Bxf6 gxf6 19. Nxf6+ Rxf6 20. Rxf6
Qc7 21. Raf1 Rf8 22. Rxf8+ 1-0

[Event "FIDE WYCC 2016 U14 boys"]
[Site "Khanty Mansiysk"]
[Date "2016.09.23"]
[Round "2.22"]
[White "Sargsyan, Shant"]
[Black "Balashov, Egor"]
[Result "1-0"]
[WhiteElo "2440"]
[BlackElo "1799"]
[Annotator "Reinhold Goldau"]
[PlyCount "41"]
[EventDate "2016.09.??"]
[EventType "swiss"]
[EventRounds "11"]
[EventCountry "RUS"]
[SourceTitle "Youth Database"]
[Source "CBase R.Goldau"]
[SourceDate "2000.03.01"]

1. Nf3 Nf6 2. g3 d5 3. Bg2 Nc6 4. O-O e5 5. d3 Be6 6. Nbd2 Qd7 7. c4 Bh3 8. Qa4
Bxg2 9. Kxg2 d4 10. Nb3 b6 11. Bg5 Be7 12. Rac1 O-O 13. c5 Rac8 14. Rc2 Nd5 15.
Bd2 b5 16. Qxb5 Rb8 17. Qa4 Qe6 18. Na5 Ncb4 19. Rc4 Na6 20. b4 f5 21. Nc6 1-0

[Event "FIDE WYCC 2016 U14 boys"]
[Site "Khanty Mansiysk"]
[Date "2016.09.23"]
[Round "2.23"]
[White "Slater Jones, Henry"]
[Black "Teclaf, Pawel"]
[Result "0-1"]
[WhiteElo "1825"]
[BlackElo "2342"]
[Annotator "Reinhold Goldau"]
[PlyCount "70"]
[EventDate "2016.09.??"]
[EventType "swiss"]
[EventRounds "11"]
[EventCountry "RUS"]
[SourceTitle "Youth Database"]
[Source "CBase R.Goldau"]
[SourceDate "2000.03.01"]

1. d4 Nf6 2. c4 g6 3. Nc3 d5 4. Bg5 Ne4 5. Bh4 Nxc3 6. bxc3 Bg7 7. Nf3 c5 8. e3
Nc6 9. Be2 dxc4 10. Bxc4 Qa5 11. Qd2 O-O 12. O-O Bg4 13. Bd5 Rfd8 14. Bxc6 bxc6
15. Rfd1 cxd4 16. Bxe7 Rd7 17. Bb4 Qh5 18. exd4 Bxf3 19. gxf3 Be5 20. Qe3 Qxh2+
21. Kf1 Bd6 22. Bxd6 Rxd6 23. Qg5 Qh1+ 24. Qg1 Qxf3 25. Qg3 Qh1+ 26. Ke2 Qe4+
27. Qe3 Qd5 28. Kd2 Re6 29. Qg3 Rae8 30. Qd3 Qg2 31. Rf1 Qg5+ 32. Kd1 Qh5+ 33.
Kc2 Re2+ 34. Kc1 Qg5+ 35. Kb1 Rb8+ 0-1

[Event "FIDE WYCC 2016 U14 boys"]
[Site "Khanty Mansiysk"]
[Date "2016.09.23"]
[Round "2.24"]
[White "Akulov, Lev"]
[Black "Peng, David T"]
[Result "0-1"]
[WhiteElo "1810"]
[BlackElo "2273"]
[Annotator "Reinhold Goldau"]
[PlyCount "54"]
[EventDate "2016.09.??"]
[EventType "swiss"]
[EventRounds "11"]
[EventCountry "RUS"]
[SourceTitle "Youth Database"]
[Source "CBase R.Goldau"]
[SourceDate "2000.03.01"]

1. e4 c5 2. Nf3 d6 3. d4 cxd4 4. Nxd4 Nf6 5. Nc3 Nc6 6. g3 Nxd4 7. Qxd4 g6 8.
Be3 Bg7 9. Qd2 O-O 10. O-O-O Be6 11. Nd5 Bxd5 12. exd5 Qc7 13. Kb1 Rfc8 14. Rc1
Qd7 15. g4 Qa4 16. h4 h5 17. gxh5 Nxh5 18. Bh3 Rc4 19. Bg4 Nf6 20. h5 Qb5 21.
Bh6 Ne4 22. Bxg7 Nxd2+ 23. Ka1 Kxg7 24. hxg6 fxg6 25. Rce1 Rxc2 26. Rxe7+ Kf8
27. Rh8+ Kxe7 0-1

[Event "FIDE WYCC 2016 U14 boys"]
[Site "Khanty Mansiysk"]
[Date "2016.09.23"]
[Round "2.25"]
[White "Varbanov, Vladimir"]
[Black "Ivic, Velimir"]
[Result "0-1"]
[WhiteElo "1794"]
[BlackElo "2264"]
[Annotator "Reinhold Goldau"]
[PlyCount "48"]
[EventDate "2016.09.??"]
[EventType "swiss"]
[EventRounds "11"]
[EventCountry "RUS"]
[SourceTitle "Youth Database"]
[Source "CBase R.Goldau"]
[SourceDate "2000.03.01"]

1. d4 Nf6 2. c4 g6 3. h4 c5 4. d5 b5 5. Bg5 Ne4 6. Nd2 Nxg5 7. hxg5 Bg7 8. Qc2
bxc4 9. e3 d6 10. Bxc4 Nd7 11. Ngf3 Rb8 12. Nb3 Nb6 13. Rb1 Nxc4 14. Qxc4 Rb4
15. Qe2 Qb6 16. Qd2 Bf5 17. Rc1 c4 18. Rh4 Bd3 19. Kd1 O-O 20. g3 Rb8 21. Ne1
Rxb3 22. axb3 Qxb3+ 23. Nc2 Bxb2 24. Rb1 Qa2 0-1

[Event "FIDE WYCC 2016 U14 boys"]
[Site "Khanty Mansiysk"]
[Date "2016.09.23"]
[Round "2.26"]
[White "Remizov, Yaroslav"]
[Black "Sabirov, Timur"]
[Result "1-0"]
[WhiteElo "2218"]
[BlackElo "1791"]
[Annotator "Reinhold Goldau"]
[PlyCount "75"]
[EventDate "2016.09.??"]
[EventType "swiss"]
[EventRounds "11"]
[EventCountry "RUS"]
[SourceTitle "Youth Database"]
[Source "CBase R.Goldau"]
[SourceDate "2000.03.01"]

1. e4 c5 2. Nf3 e6 3. d4 cxd4 4. Nxd4 a6 5. Nc3 Qc7 6. Be2 Nf6 7. O-O b5 8. Bf3
Bb7 9. e5 b4 10. exf6 bxc3 11. Bg5 cxb2 12. Rb1 h6 13. Bh4 g5 14. Bg3 Qb6 15.
Re1 Bxf3 16. Qxf3 Ra7 17. Qc3 d6 18. Rxb2 Qd8 19. Nxe6 fxe6 20. f7+ Rxf7 21.
Qxh8 Ke7 22. Qg8 Rf6 23. Rb7+ Nd7 24. Bxd6+ Kxd6 25. Rd1+ Kc6 26. Rbxd7 Qb6 27.
R7d2 Qc7 28. Qh8 Qf4 29. Qh7 Bc5 30. Qg7 Kb6 31. Qh8 Kb5 32. a4+ Kb4 33. Qc8 e5
34. Qb8+ Ka5 35. Rb1 h5 36. Qd8+ Bb6 37. Qc8 Bc5 38. Qxc5+ 1-0

[Event "FIDE WYCC 2016 U14 boys"]
[Site "Khanty Mansiysk"]
[Date "2016.09.23"]
[Round "2.27"]
[White "Ganerdene, Sugar"]
[Black "Ogorodnikov, Nikolai"]
[Result "1/2-1/2"]
[WhiteElo "2056"]
[BlackElo "1774"]
[Annotator "Reinhold Goldau"]
[PlyCount "129"]
[EventDate "2016.09.??"]
[EventType "swiss"]
[EventRounds "11"]
[EventCountry "RUS"]
[SourceTitle "Youth Database"]
[Source "CBase R.Goldau"]
[SourceDate "2000.03.01"]

1. e4 e6 2. d4 d5 3. Nc3 Nf6 4. e5 Nfd7 5. Nf3 c5 6. dxc5 Bxc5 7. Bd3 Nc6 8.
Bf4 Qb6 9. O-O Be7 10. a3 a6 11. b4 Qc7 12. Qe1 b5 13. Bg3 Bb7 14. Nxd5 exd5
15. e6 Qd8 16. exd7+ Qxd7 17. Qd2 O-O 18. Rae1 Bf6 19. Qf4 Rae8 20. Bh4 Bxh4
21. Qxh4 h6 22. Qf4 f5 23. Rxe8 Qxe8 24. c3 Qf7 25. Re1 Qf6 26. Nd4 Nxd4 27.
cxd4 g5 28. Qe3 Kf7 29. Qf3 Kg8 30. Re5 f4 31. h3 Bc6 32. Qg4 Re8 33. Rxe8+
Bxe8 34. Qc8 Qc6 35. Qf5 Qd7 36. Qf6 Qc6 37. Qf5 Qd7 38. Qe5 Bf7 39. Qe1 Qe6
40. Qc1 Kg7 41. Kh2 Qf6 42. Qc3 Qe6 43. Kg1 Bg6 44. Bf1 Kf6 45. Kh2 Bf7 46. Qd2
Qe4 47. Be2 Bg6 48. Bf3 Qe6 49. Qc3 Be4 50. Qc7 Bxf3 51. gxf3 Kg6 52. Kg2 h5
53. Kh2 Kh6 54. h4 Kg6 55. hxg5 Kxg5 56. Qg7+ Qg6 57. Qd7 Qf5 58. Qd6 Kh4 59.
Qe7+ Qg5 60. Qe6 Qd8 61. Qf5 Qd6 62. Kg2 a5 63. bxa5 b4 64. axb4 Qg6+ 65. Qxg6
1/2-1/2

[Event "FIDE WYCC 2016 U14 boys"]
[Site "Khanty Mansiysk"]
[Date "2016.09.23"]
[Round "2.28"]
[White "Juksta, Karolis"]
[Black "Araoz Andrade, Ivan Alexander"]
[Result "1/2-1/2"]
[WhiteElo "2046"]
[BlackElo "1746"]
[Annotator "Reinhold Goldau"]
[PlyCount "65"]
[EventDate "2016.09.??"]
[EventType "swiss"]
[EventRounds "11"]
[EventCountry "RUS"]
[SourceTitle "Youth Database"]
[Source "CBase R.Goldau"]
[SourceDate "2000.03.01"]

1. d4 Nf6 2. c4 e6 3. Nc3 Bb4 4. f3 d5 5. a3 Bxc3+ 6. bxc3 c5 7. cxd5 exd5 8.
e3 c4 9. Qc2 O-O 10. Ne2 Nc6 11. Ng3 Na5 12. Be2 Nb3 13. Ra2 Re8 14. O-O h5 15.
e4 Nxc1 16. Qxc1 h4 17. Nh1 dxe4 18. fxe4 Rxe4 19. Nf2 Re8 20. Bxc4 Qc7 21. Bb5
Re6 22. Nd3 a6 23. Ba4 Qc4 24. Qc2 Re3 25. Ne5 Qxc3 26. Qf2 Qxd4 27. Re2 Re4
28. Qxd4 Rxd4 29. Bc2 Be6 30. Ref2 Rad8 31. Nf3 R4d6 32. Rb1 Bc4 33. Rxb7
1/2-1/2

[Event "FIDE WYCC 2016 U14 boys"]
[Site "Khanty Mansiysk"]
[Date "2016.09.23"]
[Round "2.29"]
[White "Vaino, Nikita"]
[Black "Thilakarathne, G M H."]
[Result "0-1"]
[WhiteElo "1781"]
[BlackElo "2028"]
[Annotator "Reinhold Goldau"]
[PlyCount "110"]
[EventDate "2016.09.??"]
[EventType "swiss"]
[EventRounds "11"]
[EventCountry "RUS"]
[SourceTitle "Youth Database"]
[Source "CBase R.Goldau"]
[SourceDate "2000.03.01"]

1. c4 e5 2. Nc3 Nf6 3. e4 Bb4 4. d3 c6 5. Qb3 Na6 6. Bg5 O-O 7. Nge2 Nc5 8. Qc2
Ne6 9. Bh4 Re8 10. a3 Be7 11. O-O-O Ng4 12. Bg3 Bh4 13. h3 Bxg3 14. hxg4 Bxf2
15. g3 d6 16. Bh3 Ng5 17. Rdf1 Nxh3 18. Rxh3 Be3+ 19. Kb1 Bxg4 20. Rh4 Qd7 21.
Ng1 a6 22. Nf3 Bxf3 23. Rxf3 Bg5 24. Rh1 Re6 25. Nd1 b5 26. Ne3 Bxe3 27. Rxe3
Rb8 28. Rd1 Qa7 29. Rf3 b4 30. a4 b3 31. Qc3 c5 32. Rdf1 Re7 33. g4 Qb6 34. g5
Qb4 35. Rh3 Qxc3 36. bxc3 f6 37. gxf6 Rf7 38. Rg3 Rbf8 39. Kb2 Rxf6 40. Rfg1 g6
41. Kxb3 Rf2 42. R3g2 Rxg2 43. Rxg2 Rf3 44. Kc2 Kf7 45. Rd2 h5 46. d4 exd4 47.
cxd4 cxd4 48. Rxd4 Ke6 49. Rd5 h4 50. Rg5 Rg3 51. Rd5 h3 52. Rd1 h2 53. Rh1 Rh3
54. Kd2 Ke5 55. Ke2 Kxe4 0-1

[Event "FIDE WYCC 2016 U14 boys"]
[Site "Khanty Mansiysk"]
[Date "2016.09.23"]
[Round "2.30"]
[White "Salimov, Ruslan"]
[Black "Hafstad, Leif"]
[Result "1-0"]
[WhiteElo "2026"]
[BlackElo "1705"]
[Annotator "Reinhold Goldau"]
[PlyCount "95"]
[EventDate "2016.09.??"]
[EventType "swiss"]
[EventRounds "11"]
[EventCountry "RUS"]
[SourceTitle "Youth Database"]
[Source "CBase R.Goldau"]
[SourceDate "2000.03.01"]

1. d4 d5 2. c4 e6 3. Nc3 Nf6 4. Nf3 Be7 5. Bg5 Nbd7 6. e3 O-O 7. cxd5 exd5 8.
Bd3 c6 9. Qc2 Re8 10. O-O Nf8 11. Ne5 N6d7 12. Nxd7 Bxd7 13. Bf4 g6 14. Rab1
Ne6 15. Bg3 Ng7 16. h3 Bf5 17. b4 Bxd3 18. Qxd3 a6 19. Na4 Nf5 20. Bh2 Bd6 21.
Bxd6 Nxd6 22. Rfc1 Nc4 23. e4 Nd6 24. e5 Nc4 25. f4 f5 26. Kh2 Kg7 27. Rg1 Rf8
28. Qc3 b6 29. Nb2 b5 30. a4 Kg8 31. a5 Qe7 32. Nd3 Kh8 33. Nc5 Ra7 34. Rbf1
Rf7 35. g4 Qf8 36. e6 Rfe7 37. Nd7 Rexd7 38. exd7 Rxd7 39. gxf5 Qxf5 40. Qe1
Qf8 41. f5 Re7 42. fxg6 Qb8+ 43. Qg3 Re2+ 44. Kh1 Qxg3 45. Rxg3 hxg6 46. Rxg6
Nd2 47. Rfg1 Nf3 48. Rh6# 1-0

[Event "FIDE WYCC 2016 U14 boys"]
[Site "Khanty Mansiysk"]
[Date "2016.09.23"]
[Round "2.31"]
[White "Essa, Naseem Ahmed"]
[Black "Nielsen, Andre"]
[Result "0-1"]
[WhiteElo "1771"]
[BlackElo "2025"]
[Annotator "Reinhold Goldau"]
[PlyCount "104"]
[EventDate "2016.09.??"]
[EventType "swiss"]
[EventRounds "11"]
[EventCountry "RUS"]
[SourceTitle "Youth Database"]
[Source "CBase R.Goldau"]
[SourceDate "2000.03.01"]

1. d4 Nf6 2. c4 e6 3. Nf3 b6 4. g3 Ba6 5. Qa4 Be7 6. Bg2 O-O 7. Ne5 c6 8. O-O
Qe8 9. Nc3 d5 10. Bf4 Bxc4 11. Nxc4 b5 12. Qc2 bxc4 13. b3 cxb3 14. axb3 Qc8
15. Rfc1 Qb7 16. Na4 Rc8 17. Nc5 Bxc5 18. Qxc5 Nbd7 19. Qd6 a5 20. e3 c5 21. b4
Rc6 22. bxc5 Rxd6 23. Bxd6 Qc6 24. Rcb1 Ne8 25. Be7 a4 26. Bf1 Nc7 27. Rb4 a3
28. Rb3 a2 29. Rb2 Qa4 30. Bd6 Ne8 31. Bb5 Qa3 32. Rbxa2 Qxa2 33. Rxa2 Rxa2 34.
Bxd7 Nxd6 35. cxd6 Ra6 36. Kg2 Rxd6 37. Be8 Kf8 38. Bb5 Rb6 39. Bd3 h6 40. Kf3
Ke7 41. g4 Kd6 42. h4 Rb3 43. Bc2 Rc3 44. Ba4 f6 45. Bb5 e5 46. Ke2 exd4 47.
exd4 Rh3 48. h5 f5 49. f3 fxg4 50. fxg4 Rg3 51. Be8 Rxg4 52. Ke3 Re4+ 0-1